Music Quiz

Random Music or Album Quiz

Duran Duran Albums Quiz Stats

 Plays Quiz Updated Mar 27, 2020

     
Support Sporcle.
Go Orange.
Score 0/14 Timer 05:00
0 Plays Today
Year Album % Correct
1982Rio
91.3%
1993The Wedding Album
89.4%
1981Duran Duran
88.3%
1983Seven and the Ragged Tiger
71.6%
1986Notorious
58.3%
2015Paper Gods
52.4%
2004Astronaut
45.1%
Year Album % Correct
1988Big Thing
43.5%
2007Red Carpet Massacre
42.4%
1995Thank You
41.1%
1990Liberty
37.3%
1997Medazzaland
35.9%
2000Pop Trash
34.6%
2010All You Need Is Now
23.8%

From the Vault

All or Nothing

by Matt

We hope the theme of this quiz isn't foreshadowing how well you do on it.
Remove Ads.
Support Sporcle.
Get the best of Sporcle when you Go Orange. This ad-free experience offers more features, more stats, and more fun while also helping to support Sporcle. Thank you for becoming a member.

Show Comments

Extras

Top Quizzes Today


Score Distribution

Your Account Isn't Verified!

In order to create a playlist on Sporcle, you need to verify the email address you used during registration. Go to your Sporcle Settings to finish the process.

Report this User

Report this user for behavior that violates our Community Guidelines.

Details: